| 000 | 00679nam a2200229Ia 4500 | ||
|---|---|---|---|
| 003 | OSt | ||
| 005 | 20250217152405.0 | ||
| 008 | 210210b2011 xxu||||| |||| 00| 0 eng d | ||
| 020 | _a8188554944 | ||
| 040 | _cAL | ||
| 041 | _ahin | ||
| 082 | _aH491.802 PATV | ||
| 100 |
_aPATIL (Hanmanth Rav) _9200335 |
||
| 110 |
_bपाटिल हनमंत राव _9200336 |
||
| 245 |
_aVaishvikaran aur hindi mankikaran _bवैश्वीकरण और हिंदी मानकीकरण |
||
| 260 |
_aKanpur _bVidya Prakashan _c2011 |
||
| 300 | _a104 | ||
| 650 |
_aVaishvIkaraN _9200337 |
||
| 690 |
_aHindi Language _9200338 |
||
| 906 | _a067384 | ||
| 942 |
_2ddc _cBK |
||
| 999 |
_c150782 _d150782 |
||